| 000 | 00458nam a22001697a 4500 | ||
|---|---|---|---|
| 003 | SGT | ||
| 020 | _a9788131248744 | ||
| 082 |
_a617.522 _bO18B |
||
| 100 | _aBalaji, S. M. | ||
| 245 | _aTextbook of Oral & Maxillofacial Surgery | ||
| 250 | _a3rd | ||
| 260 |
_aKarnataka, India _bEMMESS Medical Publishers _c2018 |
||
| 300 | _a1204 | ||
| 650 | _aOral Surgery; Maxillofacial Surgery | ||
| 653 | _aOral Surgery; Maxillofacial Surgery | ||
| 942 |
_2ddc _cBK _072 |
||
| 999 |
_c22724 _d22724 |
||